LEADER 01188nam--2200385---450- 001 990003421810203316 005 20110620122512.0 010 $a978-88-8350-145-6 035 $a000342181 035 $aUSA01000342181 035 $a(ALEPH)000342181USA01 035 $a000342181 100 $a20100705d2009----km-y0itay50------ba 101 $aita 102 $aIT 105 $a||||||||001yy 200 1 $a<>Africa cinese$egli interessi asiatici nel continente nero$fStefano Gardelli 210 $aMilano$cUniversità Bocconi$d2009 215 $aXXIV, 128 p.$d20 cm 225 2 $aItinerari 410 0$12001$aItinerari 607 $aCina$xRelazioni economiche [con l'] Africa$z2000-2009$2BNCF 676 $a337.5106 700 1$aGARDELLI,$bStefano$0472566 801 0$aIT$bsalbc$gISBD 912 $a990003421810203316 951 $a337.510 GAR 1$b17729 E.C.$c337.510$d00280147 951 $a337.510 GAR 1 a$b64024 G.$c337.510$d00297327 959 $aBK 969 $aECO 979 $aIANNONE$b90$c20100705$lUSA01$h1036 979 $aCHIARA$b90$c20110620$lUSA01$h1222 979 $aCHIARA$b90$c20110620$lUSA01$h1225 996 $aAfrica cinese$9225611 997 $aUNISA LEADER 01712nam 2200385Ia 450 001 996396437303316 005 20200824124928.0 035 $a(CKB)4330000000356120 035 $a(EEBO)2240898438 035 $a(OCoLC)ocm13419804e 035 $a(OCoLC)13419804 035 $a(EXLCZ)994330000000356120 100 $a19860411d1650 uy | 101 0 $aeng 135 $aurbn||||a|bb| 200 10$aMarkhams method or epitome$b[electronic resource] $ewherein [is] shewed his approved remedies for all diseases whatsoever incident to horses, and they are almost 300 all cured with twelve medicines onely, not of twelve pence cost, and to be got commonly everywhere : also for curing of all oxen, kine, bulls, calves, sheep, lambs, goats, swine, dogs ... and other creatures serviceable for the use of man /$fdivided into twelve general points or heads by Gervase Markham 205 $aThe seventh edition /$bcorrected by the author. 210 $aLondon $cPrinted by Ja. Cottrel for John Harrison, and are to be sold at his shop ...$dM DC L [1650] 215 $a[8], 88 p. $cill 300 $aNumerous errors in paging. 300 $aImperfect: pages faded, stained, and tightly bound with slight loss of print. 300 $aReproduction of original in the Cambridge University Library. 330 $aeebo-0021 606 $aVeterinary medicine$vEarly works to 1800 606 $aHorses$xDiseases 615 0$aVeterinary medicine 615 0$aHorses$xDiseases. 700 $aMarkham$b Gervase$f1568?-1637.$0877321 801 0$bEAG 801 1$bEAG 801 2$bWaOLN 906 $aBOOK 912 $a996396437303316 996 $aMarkhams method or epitome$92308957 997 $aUNISA LEADER 02106nam 2200421 n 450 001 996391315203316 005 20200824121808.0 035 $a(CKB)4940000000104641 035 $a(EEBO)2240915985 035 $a(UnM)99851834e 035 $a(UnM)99851834 035 $a(EXLCZ)994940000000104641 100 $a19920415d1643 uy | 101 0 $aeng 135 $aurbn||||a|bb| 200 04$aThe marrow of sacred divinity$b[electronic resource] $edrawne out of the holy Scriptures and the interpreters thereof, and brought into method. By William Ames, sometime doctor and professor of divinity in the famous university at Francken in Friesland. Translated out of the Latine, for the benefit of such who are not acquainted with strange tongues. Whereunto are annexed certaine tables representing the substance and heads of all in a short view, directing to the chapters where they are handled. As also a table opening the hard words therein contained. A worke us full for this season. Published by order from the honorable the House of Commons 210 $aLondon $cPrinted by Edward Griffin for Iohn Rothwell at the Sun in Pauls-Church-yard$d[1643] 215 $a[36], 96, 99-338 p., [1] folded leaf 300 $aA translation of: Ames, William. Medulla S. S. theologiæ. 300 $aPages 97-98 missing in numbering only. 300 $aPublication date from STC. 300 $aAn imprint variant of the 1642 quarto edition. 300 $aFormerly STC 558, and identified as such on UMI microfilm reel 688 (Early English books, 1475-1640). 300 $aReproduction of the original in the Emmanuel College (University of Cambridge). Library. 330 $aeebo-0048 606 $aCalvinism$zEngland$vEarly works to 1800 606 $aTheology, Doctrinal 615 0$aCalvinism 615 0$aTheology, Doctrinal. 700 $aAmes$b William$f1576-1633.$0868997 801 0$bCu-RivES 801 1$bCu-RivES 801 2$bCStRLIN 801 2$bWaOLN 906 $aBOOK 912 $a996391315203316 996 $aThe marrow of sacred divinity$92303309 997 $aUNISA